UBT Library

THE JOURNAL OF UROLOGY (Record no. 59516)

000 -LEADER
fixed length control field 00352nam a22001457a 4500
008 - FIXED-LENGTH DATA ELEMENTS--GENERAL INFORMATION
fixed length control field 230412b ||||| |||| 00| 0 eng d
020 ## - INTERNATIONAL STANDARD BOOK NUMBER
International Standard Book Number 0022534710183208320
041 ## - LANGUAGE CODE
Language code of text/sound track or separate title eng
080 ## - UNIVERSAL DECIMAL CLASSIFICATION NUMBER
Edition identifier NUMBER 2
Universal Decimal Classification number 61
082 ## - DEWEY DECIMAL CLASSIFICATION NUMBER
Classification number 61AUA
100 ## - Rafti
Rafti 4
101 ## - Shkurtesa
Shkurtesa UROLOG
245 ## - TITLE STATEMENT
Title THE JOURNAL OF UROLOGY
Statement of responsibility, etc AMERICAN UROLOGICAL ASSOCOATION
942 ## - ADDED ENTRY ELEMENTS (KOHA)
Source of classification or shelving scheme
Item type Books
Holdings
Withdrawn status Lost status Source of classification or shelving scheme Damaged status Not for loan Collection code Permanent location Current location Date acquired Total Checkouts Full call number Barcode Date last seen Price effective from Koha item type
          Koleksioni i përgjithshem UBT - Lipjan UBT - Lipjan 04/12/2023   61AUA 002-80005011 04/12/2023 04/12/2023 Books
          Koleksioni i përgjithshem UBT - Lipjan UBT - Lipjan 04/12/2023   61AUA 002-80005012 04/12/2023 04/12/2023 Books
          Koleksioni i përgjithshem UBT - Lipjan UBT - Lipjan 04/12/2023   61AUA 002-80005013 04/12/2023 04/12/2023 Books
UBT Library © 2015-2024. All rights reserved University Education for Business and Technology